Versus / (Record no. 5020)

000 -LEADER
fixed length control field 00484nam a2200181 a 4500
005 - DATE AND TIME OF LATEST TRANSACTION
control field 20250120145904.0
008 - FIXED-LENGTH DATA ELEMENTS--GENERAL INFORMATION
fixed length control field 250120t20102010my ||||| |||| 00| 0 may d
020 ## - INTERNATIONAL STANDARD BOOK NUMBER
International Standard Book Number 9789675118333 (kkt.) :
Terms of availability RM19.00
040 ## - CATALOGING SOURCE
Original cataloging agency AKMAL
082 04 - DEWEY DECIMAL CLASSIFICATION NUMBER
Classification number 899.2333 HLO
090 00 - LOCALLY ASSIGNED LC-TYPE CALL NUMBER (OCLC); LOCAL CALL NUMBER (RLIN)
Classification number (OCLC) (R) ; Classification number, CALL (RLIN) (NR) 899.2333
Local cutter number (OCLC) ; Book number/undivided call number, CALL (RLIN) HLO
100 0# - MAIN ENTRY--PERSONAL NAME
Personal name Hlovate
9 (RLIN) 9585
245 10 - TITLE STATEMENT
Title Versus /
Statement of responsibility, etc. Hlovate
260 ## - PUBLICATION, DISTRIBUTION, ETC.
Place of publication, distribution, etc. Bangi, Selangor :
Name of publisher, distributor, etc. Jemari Seni Pub.,
Date of publication, distribution, etc. 2010
300 ## - PHYSICAL DESCRIPTION
Extent 432p. :
Other physical details ill ;
Dimensions 19cm
650 10 - SUBJECT ADDED ENTRY--TOPICAL TERM
Topical term or geographic name entry element Malay fiction
942 ## - ADDED ENTRY ELEMENTS (KOHA)
Source of classification or shelving scheme
Koha item type Book
Holdings
Withdrawn status Lost status Source of classification or shelving scheme Damaged status Not for loan Collection code Home library Current library Shelving location Date acquired Source of acquisition Inventory number Total Checkouts Full call number Barcode Date last seen Price effective from Koha item type
          FICTION AKMAL Melaka AKMAL Melaka PINJAMAN 20.01.2025 Sumbangan 000358   899.2333 HLO 201708285 20.01.2025 20.01.2025 Book
Pusat Sumber Maklumat Dato' Haji Sarmin Md Hussin, Akademi Kastam Diraja Malaysia, Melaka
Tel: 06-2331106 | Faks: 06-2313787